000
00331pam a2200157a 44500
008
230515b2007 xxu||||| |||| 00| 0 eng d
020
_a
NULL
041
_a
ENGLISH
082
_a
0
100
_a
ROUTT W,A,
245
_a
MICROPROCESSORS 8085
250
_a
0
260
_a
_b
DELMAR PUB
_c
2007
300
_a
243
650
_a
NULL
999
_c
592794
_d
592794